LEADER 01399nam a2200325 u 4500 001 000000014503 003 CaOOAMICUS 005 20070226105755.0 008 940517s1967 it u000 u ita u 035 $a10342542 040 $aPUL(R)$bita 041 1 $aita$hger 100 1 $aKühner, Hans.$0(OLS)http://pul/name/13448 240 10$aTabus der Kirchengeschichte.$lItaliano.$0(OLS)http://pul/title/20833 245 12$aI tabù della storia della Chiesa /$cHans Kühner ; presentazione di Alberto Barbero. 260 $aTorino :$bPiero Gribandi,$c1967. 300 $a127 p. ;$c19 cm 490 1 $aCritica/Critica ;$v1 504 $aBibliografia: p. 123-125. 650 4$aChiesa$xStoria.$0(OLS)http://pul/subject/128 830 0$aCritica/Critica ;$v1.$0(OLS)http://pul/title/20835 850 $aPUL 852 $aPUL$W1$xDP1 Fondo Maccarrone$y58$m1510 D 43$j20376$nBK-PRI$b $qFondi$B20376$CPULBib$Z2$F20376 $H $81 852 $aPUL$W1$xDP1 Fondo Maccarrone$y58$m1518 D 37$j20377$nBK-PRI$b $qFondi$B20377$CPULBib$Z2$F20377 $H $81 941 1 $a1 960 $aStoria della chiesa$9128 960 $aStoria ecclesiastica$9128 961 $aINV: 4710.F.Maccarrone 996 $6245$aI tabù della storia della Chiesa$9(OLS)http://pul/title/20834 996 $6260$aTorino :$bPiero Gribandi$9(OLS)http://pul/publisher/54377 LEADER 02056nam a2200349 a 4500 001 000000149985 003 CaOOAMICUS 005 20160303111737.0 008 160303s1971 it u000 u fre r 032 $aLibriCat 040 $aPUL$bita 041 1 $afre$alat 100 1 $aChmiel, Jerzy.$0(OLS)http://pul/name/95539 245 10$aLumière et charité d'apres la première épitre de Saint Jean =$blux et charitas in prima Epistula sancti Iohannis apostoli /$cJerzy Chmiel ; préface du R.P. Donatien Mollat S.I., professeur à l'Université Grégorienne de Rome. 246 31$aLux et charitas in prima Epistula sancti Iohannis apostoli 260 $aRome :$bInstitut Pontifical des recherches ecclésiastiques,$c1971$aRoma :$bPontificium Institutum Studiorum ecclesiasticorum 300 $aXLVIII, 267 p. ;$c24 cm. 490 1 $aStudia ecclesiastica ;$v10.$aBiblica ;$v02.$aDissertationes ;$v09 500 $aDoppio front, anche in latino. 630 04$aBiblia.$pN.T.$pIohannis epistolae.$0(OLS)http://pul/subject/25830 700 1 $aMollat, Donatien,$cS.I.$0(OLS)http://pul/name/25566 830 0$aStudia ecclesiastica.$pBiblica.$pDissertationes ;$v09.$0(OLS)http://pul/title/189046 830 0$aStudia ecclesiastica.$pBiblica ;$v02.$0(OLS)http://pul/title/189045 830 0$aStudia ecclesiastica ;$v10.$0(OLS)http://pul/title/100119 850 $aPUL 852 $aPUL$W1$xDP1 Fondo Bordoni$y120$m3 K 53$j167568$qFondi$B174443$CPULBib$Z2$F174443 $HBor804 $81 941 1 $a1 996 $6245$aLumière et charité d'apres la première épitre de Saint Jean =$blux et charitas in prima Epistula sancti Iohannis apostoli$9(OLS)http://pul/title/189043 996 $6246$aLux et charitas in prima Epistula sancti Iohannis apostoli$9(OLS)http://pul/title/189044 996 $6260$aRome :$bInstitut Pontifical des recherches ecclésiastiques$9(OLS)http://pul/publisher/84669 996 $6260$aRoma :$bPontificium Institutum Studiorum ecclesiasticorum$9(OLS)http://pul/publisher/84670